000
00297nmm a2200097Ia 4500
008
220120s9999||||xx |||||||||||||||||und||
020
_a
0-07-058494-X
100
_a
Digit
245
0
_a
March 2011 : Shiva 3d suite, audio books distro of the month
260
_a
Nine dot nine interactive ltd.
_b
New Delhi
999
_c
139659
_d
139659